Province che confinano con la Provincia di Pavia - Statistics

Statistiche generali
  • Questo quiz è stato fatto 20 volte
  • Il punteggio medio è 5 su 6
Statistiche sulle risposte
Regione Provincia % Corretto
Lombardia Città metropolitana di Milano
100%
Piemonte Provincia di Alessandria
100%
Emilia-Romagna Provincia di Piacenza
100%
Lombardia Provincia di Lodi
94%
Piemonte Provincia di Novara
78%
Piemonte Provincia di Vercelli
67%
Nessun quiz corrispondente trovato
Distribuzione punteggi
Percentuale di utenti per punteggio
Percentile per numero di risposta
I tuoi punteggi nel tempo
Non hai fatto questo quiz